000 00244nam a2200097Ia 4500
001 833076
005 20250826172408.0
008 250824s9999 xx 000 0 und d
245 0 _aÇEHOVDAN HİKAYELER
_cANTON ÇEHOV
260 _bAKVARYUM YAYINLARI
999 _c833076
_d833076